Statistiques concernant Paroles - Ella, elle l'a - France Gall

Cliquez ici pour prendre le quiz!

Statistiques générales

  • Ce quiz a été pris 340 fois
  • Le résultat moyen est 174 sur 212

Statistiques - réponses

Réponse% Correct
ce
99%
la
98%
l'a
98%
elle
97%
qui
95%
que
94%
un
94%
de
93%
ella
93%
ne
93%
c'est
89%
dans
89%
nous
89%
quoi
89%
je
88%
sais
88%
tout
87%
une
87%
comme
86%
du
86%
en
86%
et
86%
pas
86%
des
85%
se
85%
a
83%
cet
83%
drôle
83%
les
83%
tu
83%
met
82%
n'ont
81%
voix
81%
cette
80%
d'autres
80%
d'état
80%
petit
80%
te
80%
bien
79%
entre
79%
noir
78%
fait
77%
chose
76%
l'as
76%
quelque
76%
si
76%
belle
75%
peuple
75%
rend
75%
sur
75%
toi
73%
ton
73%
étrangement
72%
ou
72%
sentir
72%
sourire
72%
toute
72%
viens
72%
d'âme
71%
mains
71%
tape
71%
ciel
70%
l'histoire
70%
mettre
69%
supplément
69%
charme
67%
dire
66%
don
66%
mais
66%
balance
65%
chagrin
64%
tonneaux
64%
danse
63%
n'sais
63%
l'amour
62%
peut
62%
ça
61%
indéfinissable
61%
pianos
61%
parrait
60%
rien
60%
dieu
59%
joie
59%
sois
59%
gaieté
58%
rire
57%
roi
56%
s'achète
56%
l'désespoir
54%
dorment
51%
encore
48%
quand
48%
cherches
46%
montre
43%
pouvoirs
41%
n'aies
39%
flemme
20%
ke
11%

Distribution des résultats

Percentile par nombre de réponses

% des personnes avec chaque résultat

Votre développement - résultats

Vous n’avez pas pris ce quiz